| 000 | 00350nam a2200145Ia 4500 | ||
|---|---|---|---|
| 008 | 230917s9999||||xx |||||||||||||| ||und|| | ||
| 040 |
_e142128 _aMAIN |
||
| 041 | _aEnglish | ||
| 082 | _a780.5 S58S | ||
| 100 | _aGarg, Prabhulal | ||
| 245 | 0 | _aSangeet taudi that ank | |
| 260 |
_aHathras _bSangeet Karyalaya _c1957 |
||
| 300 | _a257 p. | ||
| 942 | _cBK | ||
| 999 |
_c38498 _d38498 |
||